01144nam a2200193Ia 4500001001100000003001000011008004100021040002500062041001300087100002700100245005700127250001100184260006700195300002700262500026200289501011400551520026200665650002300927L248-15167IT-CnALBA170116s9999||||xx |||||||||||||| ||und|| aIT-CnALBAcIT-CnALBA aITALIANO aCUTTAZ FRANCOIS, MONS. 0aL'AMORE SACRAMENTO. IL MATRIMONIO DEI FIGLI DI DIO.  a1a ed. aCINISELLO BALSAMO (MI)bEDIZIONI PAOLINEc1962 [1° Ed.: n.d.] a549 p. (prefazione: 5) aTRADUZIONE DAL FRANCESE DI S. FUMAGALLI. CONTRATTO SACRAMENTO.VINCOLO CONI UGALE. ADULTERIO. AMORE BENEFICO, SANTIFICANTE, ORDINATO. COABITAZIONE. GRAZIA SANTIFICANTE E SACRAMENTALE. UNITÀ E INDISSOLUBILITA' DEL MATRIMONIO. IMPEDIMENTI IMPEDIENTI E DIRIME aSocietà San Paolo EM - Piazza San Paolo, 14 - 12051 ALBA (CN) (non commercial uses only) ® Copyright 2017 aTRADUZIONE DAL FRANCESE DI S. FUMAGALLI. CONTRATTO SACRAMENTO.VINCOLO CONI UGALE. ADULTERIO. AMORE BENEFICO, SANTIFICANTE, ORDINATO. COABITAZIONE. GRAZIA SANTIFICANTE E SACRAMENTALE. UNITÀ E INDISSOLUBILITA' DEL MATRIMONIO. IMPEDIMENTI IMPEDIENTI E DIRIME aASCETICA E MISTICA